| 000 | 00986cam a2200253 a 4500 | ||
|---|---|---|---|
| 001 | 000007166 | ||
| 005 | 20200929154102.0 | ||
| 008 | 831027s1966 ag 001 0 spa | ||
| 040 |
_aDO-SdBNP _cViFGM _bBNPHU _dCatalogación noche |
||
| 082 |
_a920 _bS246r, 1966 |
||
| 100 | 1 |
_aSarmiento, Domingo Faustino, _d1811-1888. _915530 |
|
| 245 | 1 | 0 |
_aRecuerdos de provincia / _cDomingo Faustino Sarmiento ; edición, María Hortensia Lacau. |
| 250 | _a7a ed. | ||
| 260 |
_aBuenos Aires : _bKapelusz, _c1966. |
||
| 300 |
_a295 p. ; _c16 cm. |
||
| 490 | 1 |
_aGrandes obras de la literatura universal _v50 |
|
| 500 | _aEstudio preliminar y nota de Guillermo Ara | ||
| 650 | 4 |
_aSarmiento , domingo faustino, _d1811-1888 _919897 |
|
| 651 | 4 |
_aSan Juan (Argentina, Provincia{Rpara} _xHistoria _919898 |
|
| 650 | 4 |
_aAutores argentinos _919899 |
|
| 700 | 1 |
_aHortensia Lacau, María _eed. _919900 |
|
| 830 | 0 |
_aGrandes obras de la literatura universal ; _v50. _95363 |
|
| 910 | _aCatalogación derivada /LC | ||
| 999 |
_c6947 _d6947 |
||